مكتبة جامعة عجلون الوطنية

فهرس بحث المكتبة

Normal view MARC view
  • GALSWORTHY, JOHN With school and acting notes by JOHN HAMPDEN, M.A

Entry Personal Name

Number of records used in: 1

001 - CONTROL NUMBER

  • control field: 2698

003 - CONTROL NUMBER IDENTIFIER

  • control field: JO-AjAnu

005 - DATE AND TIME OF LATEST TRANSACTION

  • control field: 20230606070739.0

008 - FIXED-LENGTH DATA ELEMENTS

  • fixed length control field: 230606|| aca||aabn | a|a d

040 ## - CATALOGING SOURCE

  • Original cataloging agency: JO-AjAnu
  • Transcribing agency: JO-AjAnu

100 ## - HEADING--PERSONAL NAME

  • Personal name: GALSWORTHY, JOHN With school and acting notes by JOHN HAMPDEN, M.A

670 ## - SOURCE DATA FOUND

  • Source citation: Work cat.: (JO-AjAnu)1412: GALSWORTHY, JOHN With school and acting notes by JOHN HAMPDEN, M.A, author, THE SILVER BOX: A Comedy in Three Acts